<?xml version="1.0" encoding="UTF-8"?>
<record
    xmlns:xsi="http://www.w3.org/2001/XMLSchema-instance"
    xsi:schemaLocation="http://www.loc.gov/MARC21/slim http://www.loc.gov/standards/marcxml/schema/MARC21slim.xsd"
    xmlns="http://www.loc.gov/MARC21/slim">

  <leader>03864nam0a2200493   4500</leader>
  <controlfield tag="001">RU\NLR\BIBL_A\022719293</controlfield>
  <controlfield tag="005">20260426080552.0</controlfield>
  <datafield tag="010" ind1=" " ind2=" ">
    <subfield code="a">978-5-4358-0272-6</subfield>
    <subfield code="9">300</subfield>
  </datafield>
  <datafield tag="021" ind1=" " ind2=" ">
    <subfield code="a">RU</subfield>
    <subfield code="b">&#x41A;&#x41D;-&#x41F;-25-076426</subfield>
    <subfield code="9">&#x41A;&#x41D;-&#x41F;-25-7403</subfield>
  </datafield>
  <datafield tag="035" ind1=" " ind2=" ">
    <subfield code="a">(NLR Aleph) 022719293</subfield>
  </datafield>
  <datafield tag="090" ind1=" " ind2=" ">
    <subfield code="a">13696532</subfield>
    <subfield code="c">13696532</subfield>
  </datafield>
  <datafield tag="100" ind1=" " ind2=" ">
    <subfield code="a">20260205d2025    k  y0rusy50      ca</subfield>
  </datafield>
  <datafield tag="101" ind1="0" ind2=" ">
    <subfield code="a">rus</subfield>
  </datafield>
  <datafield tag="102" ind1=" " ind2=" ">
    <subfield code="a">RU</subfield>
  </datafield>
  <datafield tag="105" ind1=" " ind2=" ">
    <subfield code="a">ab  z   100yy</subfield>
  </datafield>
  <datafield tag="181" ind1=" " ind2="0">
    <subfield code="a">b3</subfield>
    <subfield code="b">xb2e  </subfield>
  </datafield>
  <datafield tag="181" ind1=" " ind2="0">
    <subfield code="a">i2</subfield>
    <subfield code="b">axxe  </subfield>
  </datafield>
  <datafield tag="182" ind1=" " ind2="0">
    <subfield code="a">n</subfield>
  </datafield>
  <datafield tag="200" ind1="1" ind2=" ">
    <subfield code="a">&#x418;&#x43D;&#x444;&#x43E;&#x440;&#x43C;&#x430;&#x446;&#x438;&#x43E;&#x43D;&#x43D;&#x44B;&#x439; &#x431;&#x44E;&#x43B;&#x43B;&#x435;&#x442;&#x435;&#x43D;&#x44C; &#x43F;&#x43E; &#x438;&#x442;&#x43E;&#x433;&#x430;&#x43C; &#x44D;&#x43A;&#x441;&#x43F;&#x435;&#x434;&#x438;&#x446;&#x438;&#x438; &#x42E;&#x41D;&#x426; &#x420;&#x410;&#x41D; &#x43D;&#x430; &#x410;&#x43D;&#x430;&#x43F;&#x441;&#x43A;&#x443;&#x44E; &#x43F;&#x435;&#x440;&#x435;&#x441;&#x44B;&#x43F;&#x44C; 9&#x2013;15 &#x438;&#x44E;&#x43D;&#x44F; 2025 &#x433;.</subfield>
    <subfield code="e">&#x43E;&#x431;&#x449;&#x438;&#x439; &#x430;&#x43D;&#x430;&#x43B;&#x438;&#x437; &#x441; &#x443;&#x447;&#x435;&#x442;&#x43E;&#x43C; &#x43C;&#x430;&#x442;&#x435;&#x440;&#x438;&#x430;&#x43B;&#x43E;&#x432; &#x43A;&#x43D;&#x438;&#x433;&#x438; "&#x410;&#x432;&#x430;&#x440;&#x438;&#x438; &#x438; &#x43F;&#x43E;&#x441;&#x43B;&#x435;&#x434;&#x441;&#x442;&#x432;&#x438;&#x44F; &#x442;&#x430;&#x43D;&#x43A;&#x435;&#x440;&#x43D;&#x43E;&#x439; &#x43F;&#x435;&#x440;&#x435;&#x432;&#x43E;&#x437;&#x43A;&#x438; &#x43C;&#x430;&#x437;&#x443;&#x442;&#x430; (&#x41A;&#x435;&#x440;&#x447;&#x435;&#x43D;&#x441;&#x43A;&#x438;&#x439; &#x43F;&#x440;&#x43E;&#x43B;&#x438;&#x432; &#x2013; 2007 &#x433;., &#x433;. &#x410;&#x43D;&#x430;&#x43F;&#x430; &#x2013; 2024 &#x433;.)", &#x438;&#x437;&#x434;&#x430;&#x43D;&#x43D;&#x43E;&#x439; &#x432; &#x430;&#x43F;&#x440;&#x435;&#x43B;&#x435; 2025 &#x433;.</subfield>
    <subfield code="f">&#x430;&#x43A;&#x430;&#x434;. &#x420;&#x410;&#x41D; &#x413;. &#x413;. &#x41C;&#x430;&#x442;&#x438;&#x448;&#x43E;&#x432;, &#x43A;. &#x433;. &#x43D;. &#x41A;. &#x421;. &#x413;&#x440;&#x438;&#x433;&#x43E;&#x440;&#x435;&#x43D;&#x43A;&#x43E;, &#x43A;. &#x442;. &#x43D;. &#x412;. &#x412;. &#x41A;&#x443;&#x43B;&#x44B;&#x433;&#x438;&#x43D;, &#x43A;. &#x433;. &#x43D;. &#x41A;. &#x421;. &#x421;&#x443;&#x448;&#x43A;&#x43E;</subfield>
    <subfield code="g">&#x43E;&#x442;&#x432;&#x435;&#x442;&#x441;&#x442;&#x432;&#x435;&#x43D;&#x43D;&#x44B;&#x439; &#x440;&#x435;&#x434;&#x430;&#x43A;&#x442;&#x43E;&#x440;: &#x421;. &#x413;. &#x41F;&#x430;&#x440;&#x430;&#x434;&#x430;, &#x434;. &#x433;.-&#x43C;. &#x43D;., &#x43F;&#x440;&#x43E;&#x444;.</subfield>
    <subfield code="g">&#x424;&#x435;&#x434;&#x435;&#x440;&#x430;&#x43B;&#x44C;&#x43D;&#x44B;&#x439; &#x438;&#x441;&#x441;&#x43B;&#x435;&#x434;&#x43E;&#x432;&#x430;&#x442;&#x435;&#x43B;&#x44C;&#x441;&#x43A;&#x438;&#x439; &#x446;&#x435;&#x43D;&#x442;&#x440;, &#x42E;&#x436;&#x43D;&#x44B;&#x439; &#x43D;&#x430;&#x443;&#x447;&#x43D;&#x44B;&#x439; &#x446;&#x435;&#x43D;&#x442;&#x440; &#x420;&#x43E;&#x441;&#x441;&#x438;&#x439;&#x441;&#x43A;&#x43E;&#x439; &#x430;&#x43A;&#x430;&#x434;&#x435;&#x43C;&#x438;&#x438; &#x43D;&#x430;&#x443;&#x43A;</subfield>
  </datafield>
  <datafield tag="203" ind1=" " ind2=" ">
    <subfield code="a">&#x418;&#x437;&#x43E;&#x431;&#x440;&#x430;&#x436;&#x435;&#x43D;&#x438;&#x435;</subfield>
    <subfield code="a">&#x422;&#x435;&#x43A;&#x441;&#x442;</subfield>
    <subfield code="b">&#x432;&#x438;&#x437;&#x443;&#x430;&#x43B;&#x44C;&#x43D;&#x44B;&#x435;</subfield>
    <subfield code="c">&#x43D;&#x435;&#x43F;&#x43E;&#x441;&#x440;&#x435;&#x434;&#x441;&#x442;&#x432;&#x435;&#x43D;&#x43D;&#x44B;&#x435;</subfield>
  </datafield>
  <datafield tag="210" ind1=" " ind2=" ">
    <subfield code="a">&#x420;&#x43E;&#x441;&#x442;&#x43E;&#x432;-&#x43D;&#x430;-&#x414;&#x43E;&#x43D;&#x443;</subfield>
    <subfield code="c">&#x418;&#x437;&#x434;-&#x432;&#x43E; &#x42E;&#x41D;&#x426; &#x420;&#x410;&#x41D;</subfield>
    <subfield code="d">2025</subfield>
  </datafield>
  <datafield tag="215" ind1=" " ind2=" ">
    <subfield code="a">103 &#x441;.</subfield>
    <subfield code="c">&#x446;&#x432;. &#x438;&#x43B;., &#x442;&#x430;&#x431;&#x43B;., &#x43A;&#x430;&#x440;&#x442;&#x44B;</subfield>
    <subfield code="d">31</subfield>
  </datafield>
  <datafield tag="320" ind1=" " ind2=" ">
    <subfield code="a">&#x411;&#x438;&#x431;&#x43B;&#x438;&#x43E;&#x433;&#x440;.: &#x441;. 103</subfield>
  </datafield>
  <datafield tag="488" ind1=" " ind2="0">
    <subfield code="1">2001#$a&#x410;&#x432;&#x430;&#x440;&#x438;&#x438; &#x438; &#x43F;&#x43E;&#x441;&#x43B;&#x435;&#x434;&#x441;&#x442;&#x432;&#x438;&#x44F; &#x442;&#x430;&#x43D;&#x43A;&#x435;&#x440;&#x43D;&#x43E;&#x439; &#x43F;&#x435;&#x440;&#x435;&#x432;&#x43E;&#x437;&#x43A;&#x438; &#x43C;&#x430;&#x437;&#x443;&#x442;&#x430; (&#x41A;&#x435;&#x440;&#x447;&#x435;&#x43D;&#x441;&#x43A;&#x438;&#x439; &#x43F;&#x440;&#x43E;&#x43B;&#x438;&#x432; &#x2013; 2007 &#x433;., &#x433;. &#x410;&#x43D;&#x430;&#x43F;&#x430; &#x2013; 2024 &#x433;.)$f&#x430;&#x43A;&#x430;&#x434;. &#x420;&#x410;&#x41D; &#x413;. &#x413;. &#x41C;&#x430;&#x442;&#x438;&#x448;&#x43E;&#x432;, &#x43A;.&#x433;.&#x43D;. &#x410;. &#x412;. &#x41A;&#x43B;&#x435;&#x449;&#x435;&#x43D;&#x43A;&#x43E;&#x432;, &#x43A;.&#x442;.&#x43D;. &#x412;. &#x412;. &#x41A;&#x443;&#x43B;&#x44B;&#x433;&#x438;&#x43D;, &#x434;.&#x433;.&#x43D;. &#x421;. &#x412;. &#x411;&#x435;&#x440;&#x434;&#x43D;&#x438;&#x43A;&#x43E;&#x432;</subfield>
    <subfield code="1">210##$a&#x420;&#x43E;&#x441;&#x442;&#x43E;&#x432;-&#x43D;&#x430;-&#x414;&#x43E;&#x43D;&#x443;$c&#x418;&#x437;&#x434;-&#x432;&#x43E; &#x42E;&#x41D;&#x426; &#x420;&#x410;&#x41D;$d2025</subfield>
    <subfield code="t">&#x410;&#x432;&#x430;&#x440;&#x438;&#x438; &#x438; &#x43F;&#x43E;&#x441;&#x43B;&#x435;&#x434;&#x441;&#x442;&#x432;&#x438;&#x44F; &#x442;&#x430;&#x43D;&#x43A;&#x435;&#x440;&#x43D;&#x43E;&#x439; &#x43F;&#x435;&#x440;&#x435;&#x432;&#x43E;&#x437;&#x43A;&#x438; &#x43C;&#x430;&#x437;&#x443;&#x442;&#x430; (&#x41A;&#x435;&#x440;&#x447;&#x435;&#x43D;&#x441;&#x43A;&#x438;&#x439; &#x43F;&#x440;&#x43E;&#x43B;&#x438;&#x432; &#x2013; 2007 &#x433;., &#x433;. &#x410;&#x43D;&#x430;&#x43F;&#x430; &#x2013; 2024 &#x433;.)</subfield>
  </datafield>
  <datafield tag="606" ind1="1" ind2=" ">
    <subfield code="a">&#x42D;&#x43A;&#x43E;&#x43B;&#x43E;&#x433;&#x438;&#x447;&#x435;&#x441;&#x43A;&#x438;&#x435; &#x441;&#x438;&#x441;&#x442;&#x435;&#x43C;&#x44B; &#x43F;&#x440;&#x438;&#x431;&#x440;&#x435;&#x436;&#x43D;&#x44B;&#x435;</subfield>
    <subfield code="x">&#x417;&#x430;&#x433;&#x440;&#x44F;&#x437;&#x43D;&#x435;&#x43D;&#x438;&#x435; &#x43C;&#x430;&#x437;&#x443;&#x442;&#x430;&#x43C;&#x438;</subfield>
    <subfield code="x">&#x41C;&#x43E;&#x43D;&#x438;&#x442;&#x43E;&#x440;&#x438;&#x43D;&#x433;</subfield>
    <subfield code="y">&#x410;&#x43D;&#x430;&#x43F;&#x441;&#x43A;&#x438;&#x439; &#x440;&#x430;&#x439;&#x43E;&#x43D; (&#x41A;&#x440;&#x430;&#x441;&#x43D;&#x43E;&#x434;&#x430;&#x440;&#x441;&#x43A;&#x438;&#x439; &#x43A;&#x440;&#x430;&#x439;)</subfield>
    <subfield code="9">2706428</subfield>
    <subfield code="3">RU\NLR\AUTH\6601769628</subfield>
  </datafield>
  <datafield tag="606" ind1="1" ind2=" ">
    <subfield code="a">&#x41C;&#x43E;&#x440;&#x441;&#x43A;&#x438;&#x435; &#x431;&#x435;&#x440;&#x435;&#x433;&#x430;</subfield>
    <subfield code="x">&#x417;&#x430;&#x433;&#x440;&#x44F;&#x437;&#x43D;&#x435;&#x43D;&#x438;&#x435; &#x43C;&#x430;&#x437;&#x443;&#x442;&#x430;&#x43C;&#x438;</subfield>
    <subfield code="x">&#x41C;&#x43E;&#x43D;&#x438;&#x442;&#x43E;&#x440;&#x438;&#x43D;&#x433;</subfield>
    <subfield code="y">&#x410;&#x43D;&#x430;&#x43F;&#x441;&#x43A;&#x438;&#x439; &#x440;&#x430;&#x439;&#x43E;&#x43D; (&#x41A;&#x440;&#x430;&#x441;&#x43D;&#x43E;&#x434;&#x430;&#x440;&#x441;&#x43A;&#x438;&#x439; &#x43A;&#x440;&#x430;&#x439;)</subfield>
    <subfield code="9">2706430</subfield>
    <subfield code="3">RU\NLR\AUTH\6601769630</subfield>
  </datafield>
  <datafield tag="606" ind1="1" ind2=" ">
    <subfield code="a">&#x41D;&#x435;&#x444;&#x442;&#x435;&#x43D;&#x430;&#x43B;&#x438;&#x432;&#x43D;&#x44B;&#x435; &#x441;&#x443;&#x434;&#x430;</subfield>
    <subfield code="x">&#x410;&#x432;&#x430;&#x440;&#x438;&#x438; &#x438; &#x43F;&#x440;&#x43E;&#x438;&#x441;&#x448;&#x435;&#x441;&#x442;&#x432;&#x438;&#x44F;</subfield>
    <subfield code="9">2401090</subfield>
    <subfield code="3">RU\NLR\AUTH\661431254</subfield>
  </datafield>
  <datafield tag="607" ind1=" " ind2=" ">
    <subfield code="a">&#x427;&#x435;&#x440;&#x43D;&#x43E;&#x435; &#x43C;&#x43E;&#x440;&#x435;</subfield>
    <subfield code="x">&#x428;&#x435;&#x43B;&#x44C;&#x444;</subfield>
    <subfield code="x">&#x417;&#x430;&#x433;&#x440;&#x44F;&#x437;&#x43D;&#x435;&#x43D;&#x438;&#x435; &#x43C;&#x430;&#x437;&#x443;&#x442;&#x430;&#x43C;&#x438;</subfield>
    <subfield code="x">&#x41C;&#x43E;&#x43D;&#x438;&#x442;&#x43E;&#x440;&#x438;&#x43D;&#x433;</subfield>
    <subfield code="9">2706429</subfield>
    <subfield code="3">RU\NLR\AUTH\6601769629</subfield>
  </datafield>
  <datafield tag="686" ind1="1" ind2=" ">
    <subfield code="a">&#x414;221.127(922.8)</subfield>
  </datafield>
  <datafield tag="686" ind1="1" ind2=" ">
    <subfield code="a">&#x415;082.159(2&#x420;37-4&#x41A;&#x440;)</subfield>
  </datafield>
  <datafield tag="686" ind1="1" ind2=" ">
    <subfield code="a">&#x414;312.8(2&#x420;37-4&#x41A;&#x440;)</subfield>
  </datafield>
  <datafield tag="686" ind1="1" ind2=" ">
    <subfield code="a">&#x41E;425.144.1-082.03</subfield>
  </datafield>
  <datafield tag="701" ind1=" " ind2="1">
    <subfield code="7">ca</subfield>
    <subfield code="8">rus</subfield>
    <subfield code="a">&#x41C;&#x430;&#x442;&#x438;&#x448;&#x43E;&#x432;</subfield>
    <subfield code="b">&#x413;. &#x413;.</subfield>
    <subfield code="f">1945-</subfield>
    <subfield code="g">&#x413;&#x435;&#x43D;&#x43D;&#x430;&#x434;&#x438;&#x439; &#x413;&#x440;&#x438;&#x433;&#x43E;&#x440;&#x44C;&#x435;&#x432;&#x438;&#x447;</subfield>
    <subfield code="9">9509</subfield>
    <subfield code="3">RU\NLR\AUTH\7726470</subfield>
  </datafield>
  <datafield tag="701" ind1=" " ind2="1">
    <subfield code="a">&#x413;&#x440;&#x438;&#x433;&#x43E;&#x440;&#x435;&#x43D;&#x43A;&#x43E;</subfield>
    <subfield code="b">&#x41A;. &#x421;.</subfield>
    <subfield code="g">&#x41A;&#x43B;&#x438;&#x43C; &#x421;&#x435;&#x440;&#x433;&#x435;&#x435;&#x432;&#x438;&#x447;</subfield>
  </datafield>
  <datafield tag="701" ind1=" " ind2="1">
    <subfield code="a">&#x41A;&#x443;&#x43B;&#x44B;&#x433;&#x438;&#x43D;</subfield>
    <subfield code="b">&#x412;. &#x412;.</subfield>
    <subfield code="g">&#x412;&#x430;&#x43B;&#x435;&#x440;&#x438;&#x439; &#x412;&#x430;&#x43B;&#x435;&#x440;&#x44C;&#x435;&#x432;&#x438;&#x447;</subfield>
  </datafield>
  <datafield tag="701" ind1=" " ind2="1">
    <subfield code="a">&#x421;&#x443;&#x448;&#x43A;&#x43E;</subfield>
    <subfield code="b">&#x41A;. &#x421;.</subfield>
    <subfield code="g">&#x41A;&#x438;&#x440;&#x438;&#x43B;&#x43B; &#x421;&#x435;&#x440;&#x433;&#x435;&#x435;&#x432;&#x438;&#x447;</subfield>
  </datafield>
  <datafield tag="702" ind1=" " ind2="1">
    <subfield code="a">&#x41F;&#x430;&#x440;&#x430;&#x434;&#x430;</subfield>
    <subfield code="b">&#x421;. &#x413;.</subfield>
    <subfield code="g">&#x421;&#x435;&#x440;&#x433;&#x435;&#x439; &#x413;&#x440;&#x438;&#x433;&#x43E;&#x440;&#x44C;&#x435;&#x432;&#x438;&#x447;</subfield>
    <subfield code="4">340</subfield>
  </datafield>
  <datafield tag="711" ind1="0" ind2="2">
    <subfield code="a">&#x420;&#x43E;&#x441;&#x441;&#x438;&#x439;&#x441;&#x43A;&#x430;&#x44F; &#x430;&#x43A;&#x430;&#x434;&#x435;&#x43C;&#x438;&#x44F; &#x43D;&#x430;&#x443;&#x43A;</subfield>
    <subfield code="b">&#x42E;&#x436;&#x43D;&#x44B;&#x439; &#x43D;&#x430;&#x443;&#x447;&#x43D;&#x44B;&#x439; &#x446;&#x435;&#x43D;&#x442;&#x440;</subfield>
    <subfield code="b">&#x42D;&#x43A;&#x441;&#x43F;&#x435;&#x434;&#x438;&#x446;&#x438;&#x44F; &#x43D;&#x430; &#x410;&#x43D;&#x430;&#x43F;&#x441;&#x43A;&#x443;&#x44E; &#x43F;&#x435;&#x440;&#x435;&#x441;&#x44B;&#x43F;&#x44C;</subfield>
    <subfield code="f">2025</subfield>
    <subfield code="9">2697248</subfield>
    <subfield code="3">RU\NLR\AUTH\880638736</subfield>
  </datafield>
  <datafield tag="942" ind1=" " ind2=" ">
    <subfield code="c">BOOK</subfield>
  </datafield>
  <datafield tag="980" ind1=" " ind2=" ">
    <subfield code="a">NB</subfield>
  </datafield>
</record>
